| 000 | 00501nam a22001937a 4500 | ||
|---|---|---|---|
| 003 | NUST - PNEC | ||
| 005 | 20170116180759.0 | ||
| 008 | 150410b xxu||||| |||| 00| 0 eng d | ||
| 020 | _a- | ||
| 040 | _cLIBRARy | ||
| 082 | _a297.63 JAM | ||
| 100 |
_92346 _aJamil Ahmad, Khwaja |
||
| 245 |
_aMohammad in non-Muslims' eyes _cKH. Jamil Ahmed |
||
| 250 | _a- | ||
| 260 |
_aLahore, Pakistan _bFerozoons Ltd _cc1993. |
||
| 300 |
_a114 p. : _c22 cm. |
||
| 650 |
_92347 _aIslam _xGeneral |
||
| 942 |
_2ddc _cBK |
||
| 999 |
_c62873 _d62873 |
||